Statistics for Count to 500 Using Roman Numerals

Click here to take the quiz!

General Stats

  • This quiz has been taken 32 times
  • The average score is 293 of 500

Answer Stats

Answer% Correct
I
100%
II
100%
V
100%
III
96%
IV
96%
IX
96%
VI
96%
VII
96%
VIII
96%
X
96%
XI
96%
XII
96%
XIII
96%
XIV
96%
XIX
96%
XV
96%
XVI
96%
XVII
96%
XVIII
96%
XX
96%
XXI
96%
XXII
96%
XXIII
96%
XXIV
96%
XXV
96%
XXVI
96%
XXVII
96%
XXVIII
96%
XXIX
93%
XXX
93%
XXXI
93%
XXXII
93%
XXXIII
89%
XXXIV
89%
XXXV
89%
XXXVI
89%
L
85%
LI
85%
LII
85%
LIII
85%
LIV
85%
XXXIX
85%
XXXVII
85%
XXXVIII
85%
C
81%
LV
81%
LVI
81%
CI
78%
LVII
78%
CII
74%
CIII
74%
CX
74%
LVIII
74%
XC
74%
XL
74%
XLI
74%
XLII
74%
XLIII
74%
XLIV
74%
XLIX
74%
XLV
74%
XLVI
74%
XLVII
74%
XLVIII
74%
CC
70%
CCC
70%
CIV
70%
CIX
70%
CL
70%
CLI
70%
CLIX
70%
CLX
70%
CV
70%
CVI
70%
CVII
70%
CVIII
70%
CXI
70%
CXII
70%
CXIII
70%
CXIV
70%
CXV
70%
CXX
70%
CXXX
70%
LIX
70%
LX
70%
LXI
70%
LXII
70%
LXIII
70%
LXIV
70%
LXIX
70%
LXV
70%
LXVI
70%
LXVII
70%
LXVIII
70%
LXX
70%
LXXI
70%
LXXII
70%
LXXIII
70%
LXXX
70%
LXXXI
70%
LXXXII
70%
LXXXIII
70%
LXXXIV
70%
LXXXV
70%
LXXXVI
70%
LXXXVII
70%
LXXXVIII
70%
XCI
70%
XCII
70%
XCIII
70%
XCIV
70%
XCIX
70%
XCV
70%
XCVI
70%
XCVII
70%
XCVIII
70%
CLII
67%
CLIII
67%
CLIV
67%
CLV
67%
CLVI
67%
CLVII
67%
CLVIII
67%
CLXI
67%
CLXII
67%
CLXIII
67%
CLXX
67%
CLXXX
67%
CXIX
67%
CXL
67%
CXLI
67%
CXLII
67%
CXLIII
67%
CXLIV
67%
CXVI
67%
CXVII
67%
CXVIII
67%
CXXI
67%
CXXII
67%
CXXIII
67%
CXXIV
67%
CXXIX
67%
CXXV
67%
CXXVI
67%
CXXVII
67%
CXXVIII
67%
CXXXI
67%
CXXXII
67%
CXXXIII
67%
CXXXIV
67%
CXXXIX
67%
CXXXV
67%
CXXXVI
67%
CXXXVII
67%
CXXXVIII
67%
LXXIV
67%
LXXIX
67%
LXXV
67%
LXXVI
67%
LXXVII
67%
LXXVIII
67%
LXXXIX
67%
CCX
63%
CLXIV
63%
CLXV
63%
CLXVI
63%
CLXVII
63%
CLXVIII
63%
CLXXI
63%
CLXXII
63%
CLXXIII
63%
CLXXXI
63%
CLXXXII
63%
CLXXXIII
63%
CXC
63%
CXLIX
63%
CXLV
63%
CXLVI
63%
CXLVII
63%
CXLVIII
63%
D
63%
CCI
59%
CCII
59%
CCIII
59%
CCIV
59%
CCIX
59%
CCV
59%
CCVI
59%
CCVII
59%
CCVIII
59%
CCXI
59%
CCXII
59%
CCXIII
59%
CCXIV
59%
CCXV
59%
CLXIX
59%
CLXXIV
59%
CLXXIX
59%
CLXXV
59%
CLXXVI
59%
CLXXVII
59%
CLXXVIII
59%
CLXXXIV
59%
CLXXXIX
59%
CLXXXV
59%
CLXXXVI
59%
CLXXXVII
59%
CLXXXVIII
59%
CCL
56%
CCLI
56%
CCLII
56%
CCLIII
56%
CCLIV
56%
CCLV
56%
CCXIX
56%
CCXL
56%
CCXLI
56%
CCXLII
56%
CCXLIII
56%
CCXLIV
56%
CCXVI
56%
CCXVII
56%
CCXVIII
56%
CCXX
56%
CCXXI
56%
CCXXII
56%
CCXXIII
56%
CCXXIV
56%
CCXXIX
56%
CCXXV
56%
CCXXVI
56%
CCXXVII
56%
CCXXVIII
56%
CCXXX
56%
CCXXXI
56%
CCXXXII
56%
CCXXXIII
56%
CCXXXIV
56%
CCXXXIX
56%
CCXXXV
56%
CCXXXVI
56%
CCXXXVII
56%
CCXXXVIII
56%
CD
56%
CXCI
56%
CXCII
56%
CXCIII
56%
CXCIV
56%
CXCIX
56%
CXCV
56%
CXCVI
56%
CXCVII
56%
CXCVIII
56%
CCCX
52%
CCCXX
52%
CCCXXX
52%
CCCXXXI
52%
CCCXXXII
52%
CCCXXXIII
52%
CCLIX
52%
CCLVI
52%
CCLVII
52%
CCLVIII
52%
CCLX
52%
CCLXI
52%
CCLXII
52%
CCLXIII
52%
CCLXX
52%
CCLXXI
52%
CCLXXII
52%
CCLXXIII
52%
CCLXXX
52%
CCLXXXI
52%
CCLXXXII
52%
CCLXXXIII
52%
CCXLIX
52%
CCXLV
52%
CCXLVI
52%
CCXLVII
52%
CCXLVIII
52%
CDI
52%
CDII
52%
CDIII
52%
CDIV
52%
CDIX
52%
CDV
52%
CDVI
52%
CDX
52%
CDXI
52%
CDXII
52%
CDXL
52%
CDXX
52%
CDXXX
52%
CCCI
48%
CCCII
48%
CCCIII
48%
CCCIV
48%
CCCIX
48%
CCCL
48%
CCCLI
48%
CCCLII
48%
CCCLIII
48%
CCCLIV
48%
CCCLIX
48%
CCCLV
48%
CCCLVI
48%
CCCLVII
48%
CCCLVIII
48%
CCCLX
48%
CCCLXI
48%
CCCLXII
48%
CCCLXIII
48%
CCCLXX
48%
CCCLXXI
48%
CCCLXXII
48%
CCCLXXIII
48%
CCCLXXX
48%
CCCLXXXI
48%
CCCLXXXII
48%
CCCLXXXIII
48%
CCCV
48%
CCCVI
48%
CCCVII
48%
CCCVIII
48%
CCCXC
48%
CCCXI
48%
CCCXII
48%
CCCXIII
48%
CCCXIV
48%
CCCXIX
48%
CCCXL
48%
CCCXLI
48%
CCCXLII
48%
CCCXLIII
48%
CCCXLIV
48%
CCCXV
48%
CCCXVI
48%
CCCXVII
48%
CCCXVIII
48%
CCCXXI
48%
CCCXXII
48%
CCCXXIII
48%
CCCXXIV
48%
CCCXXIX
48%
CCCXXV
48%
CCCXXVI
48%
CCCXXVII
48%
CCCXXVIII
48%
CCCXXXIV
48%
CCCXXXIX
48%
CCCXXXV
48%
CCCXXXVI
48%
CCCXXXVII
48%
CCCXXXVIII
48%
CCLXIV
48%
CCLXIX
48%
CCLXV
48%
CCLXVI
48%
CCLXVII
48%
CCLXVIII
48%
CCLXXIV
48%
CCLXXIX
48%
CCLXXV
48%
CCLXXVI
48%
CCLXXVII
48%
CCLXXVIII
48%
CCXC
48%
CDL
48%
CDLX
48%
CDLXX
48%
CDLXXX
48%
CDVII
48%
CDVIII
48%
CDXC
48%
CDXCI
48%
CDXCIX
48%
CDXIII
48%
CDXIV
48%
CDXIX
48%
CDXLI
48%
CDXLII
48%
CDXLIII
48%
CDXV
48%
CDXVI
48%
CDXVII
48%
CDXVIII
48%
CDXXI
48%
CDXXII
48%
CDXXIII
48%
CDXXIV
48%
CDXXIX
48%
CDXXV
48%
CDXXVI
48%
CDXXVII
48%
CDXXVIII
48%
CDXXXI
48%
CDXXXII
48%
CDXXXIII
48%
CDXXXIV
48%
CDXXXIX
48%
CDXXXV
48%
CDXXXVI
48%
CDXXXVII
48%
CDXXXVIII
48%
CCCLXIV
44%
CCCLXIX
44%
CCCLXV
44%
CCCLXVI
44%
CCCLXVII
44%
CCCLXVIII
44%
CCCLXXIV
44%
CCCLXXIX
44%
CCCLXXV
44%
CCCLXXVI
44%
CCCLXXVII
44%
CCCLXXVIII
44%
CCCLXXXIV
44%
CCCLXXXIX
44%
CCCLXXXV
44%
CCCLXXXVI
44%
CCCLXXXVII
44%
CCCLXXXVIII
44%
CCCXCI
44%
CCCXCII
44%
CCCXCIII
44%
CCCXCIV
44%
CCCXCIX
44%
CCCXCV
44%
CCCXCVI
44%
CCCXCVII
44%
CCCXCVIII
44%
CCCXLIX
44%
CCCXLV
44%
CCCXLVI
44%
CCCXLVII
44%
CCCXLVIII
44%
CCLXXXIV
44%
CCLXXXV
44%
CCLXXXVI
44%
CCLXXXVII
44%
CDLI
44%
CDLII
44%
CDLIII
44%
CDLIV
44%
CDLIX
44%
CDLV
44%
CDLVI
44%
CDLVII
44%
CDLVIII
44%
CDLXI
44%
CDLXII
44%
CDLXIII
44%
CDLXIV
44%
CDLXIX
44%
CDLXV
44%
CDLXVI
44%
CDLXVII
44%
CDLXVIII
44%
CDLXXI
44%
CDLXXII
44%
CDLXXIII
44%
CDLXXIV
44%
CDLXXIX
44%
CDLXXV
44%
CDLXXVI
44%
CDLXXVII
44%
CDLXXVIII
44%
CDLXXXI
44%
CDLXXXII
44%
CDLXXXIII
44%
CDLXXXIV
44%
CDLXXXIX
44%
CDLXXXV
44%
CDLXXXVI
44%
CDLXXXVII
44%
CDLXXXVIII
44%
CDXCII
44%
CDXCIII
44%
CDXCIV
44%
CDXCV
44%
CDXCVI
44%
CDXCVII
44%
CDXCVIII
44%
CDXLIV
44%
CDXLIX
44%
CDXLV
44%
CDXLVI
44%
CDXLVII
44%
CDXLVIII
44%
CCXCI
41%
CCXCII
41%
CCXCIII
41%
CCXCIV
41%
CCXCIX
41%
CCXCV
41%
CCXCVI
41%
CCXCVII
41%
CCXCVIII
41%

Score Distribution

Percentile by Number Answered

Percent of People with Each Score

Your Score History

You have not taken this quiz